=LDR 00000nam 2200000 4500 =001 INLIS000000000053853 =005 20190327080231 =035 ##$$a 0010-0319000048 =007 ta =008 190327###########################0#ind## =020 ##$$a 979-732-758-2 =082 ##$$a 808.301 =084 ##$$a 808.301 RAM s =100 #$$a Rampan, Korrie Layun =245 1#$$a Sayu : $b kumpulan cerita pendek /$c Korrie Layun Rampan =260 ##$$a Jakarta :$b Grasindo,$c 2004 =300 ##$$a vii,133 hlm. ; $c 21 cm. =520 ##$$a Bibliografi : hlm. 129 Biografi : hlm.130-133 =990 ##$$a 05650565 =990 ##$$a 20612823